|
|
|
|
| LEADER |
01407nam a2200349 a 4500 |
| 001 |
29392 |
| 003 |
BD-DhAAL |
| 005 |
20150620095923.0 |
| 008 |
150620s1989 maua b 001 0 eng |
| 010 |
|
|
|a 89030870
|
| 020 |
|
|
|a 0262022680
|
| 020 |
|
|
|a 9780262022682
|
| 020 |
|
|
|a 9780262521642
|
| 020 |
|
|
|a 0262521644
|
| 040 |
|
|
|a DLC
|c DLC
|d DLC
|d BD-DhAAL
|
| 050 |
0 |
0 |
|a PT2603.E455
|b P334 1989
|
| 082 |
0 |
0 |
|a 944/.361081
|2 19
|
| 100 |
2 |
|
|a Buck-Morss, Susan.
|9 12284
|
| 245 |
1 |
4 |
|a The dialectics of seeing :
|b Walter Benjamin and the Arcades project /
|c Susan Buck-Morss.
|
| 260 |
|
|
|a Cambridge, Mass. :
|b MIT Press,
|c 1991
|
| 300 |
|
|
|a xii, 493 p. :
|b ill. ;
|c 24 cm.
|
| 490 |
|
|
|a Studies in contemporary German social thought
|
| 500 |
|
|
|a An English reconstruction and analysis of Benjamin's Passagen-Werk.
|
| 504 |
|
|
|a Includes index and bibliography (p. [478]-484.)
|
| 541 |
|
|
|e 29392
|
| 600 |
1 |
0 |
|a Benjamin, Walter,
|d 1892-1940.
|t Passagen-Werk.
|9 12285
|
| 600 |
1 |
0 |
|a Benjamin, Walter,
|d 1892-1940
|x Philosophy.
|9 12286
|
| 600 |
1 |
0 |
|a Benjamin, Walter,
|d 1892-1940
|x Political and social views.
|9 12287
|
| 650 |
|
0 |
|a Social problems in literature.
|9 12288
|
| 942 |
|
|
|2 ddc
|c BK
|
| 999 |
|
|
|c 34782
|d 34782
|
| 952 |
|
|
|0 0
|1 0
|2 ddc
|4 0
|6 944_361081000000000_BUC
|7 0
|9 54412
|a BRACUL
|b BRACUL
|c GEN
|d 2015-06-20
|e Karim International
|g 2990.00
|l 2
|m 23
|o 944.361081 BUC
|p 3010029392
|r 2022-05-09
|s 2022-04-13
|t 1
|w 2015-06-20
|y BK
|